Plus gros transferts de la L1 vers la PL - Statistiques

Statistiques générales
  • Ce quiz a été pris 115 fois
  • Le résultat moyen est 11 sur 14
Statistiques - réponses
Hint Réponse % Correct
60M Stade Rennais Man. City Doku
94%
80M LOSC Arsenal Pépé
93%
53M OL Arsenal Lacazette
90%
50M AS Monaco Man. City Silva
87%
62M OL Tottenham Ndombélé
86%
42,95M OL West Ham Paqueta
82%
62M LOSC Man. United Yoro
82%
45M AS Monaco Liverpool Fabinho
80%
57,5M AS Monaco Man. City Mendy
80%
60M AS Monaco Man. United Martial
78%
45M AS Monaco Chelsea Disasi
62%
42,1M OL Newcastle Guimares
57%
40M AS Monaco Chelsea Bakayoko
50%
45M AS Monaco Leicester Tielemans
44%
Aucun quiz correspondant
Distribution des résultats
% des personnes avec chaque résultat
Percentile par nombre de réponses
Votre historique - résultats
Vous n’avez pas pris ce quiz